| 000 | 00552nam a22002057a 4500 | ||
|---|---|---|---|
| 003 | OSt | ||
| 005 | 20140310181942.0 | ||
| 008 | 130724t xxu||||| |||| 00| 0 eng d | ||
| 020 | _a1875481303 | ||
| 050 |
_aPR 4611 _b.C319 1993 |
||
| 082 |
_aCLA _bC23al 1992 |
||
| 100 |
_aCarroll, Lewis _93653 |
||
| 245 |
_aAlice's adventures in wonderland / _cLewis Carroll |
||
| 260 |
_aAutralia : _bModern Publishing Group, _c1993. |
||
| 300 |
_aii, 167 p. _c18 cm. |
||
| 541 | _j1 | ||
| 562 | _e1 | ||
| 650 |
_aFantasy. _93293 |
||
| 942 |
_2lcc _cBBK _kCLA |
||
| 999 |
_c7697 _d7697 |
||